| 000 | 00534nam a2200229Ia 4500 | ||
|---|---|---|---|
| 008 | 160803s9999 xx 000 0 und d | ||
| 020 | _a0 440404029 | ||
| 100 | _aFox, Paula | ||
| 245 | 4 | _aThe slave dancer / | |
| 245 | _cPaula Fox. | ||
| 260 | _aNew York : | ||
| 260 | _bScholastic Inc. | ||
| 260 | _c1973 | ||
| 300 | _a152 pages ; | ||
| 300 | _c20 cm. | ||
| 440 | _aYearling Newbery. | ||
| 500 | _a"A Yearling book." | ||
| 650 | _aSlave trade -- | ||
| 650 | _aSlave trade. | ||
| 650 | _xFiction. | ||
| 700 | _a970 | ||
| 999 |
_c298210 _d298210 |
||